Relatos de jóvenes con Cea y su vínculo con los docentes en enseñanza media

La atención a las definiciones de Autismo se ha modificado con el tiempo, se comenzó con descripciones adjudicadas a la relación con la esquizofrenia hasta el actualmente término “Trastorno del Espectro Autista”. Si bien, globalmente según la Organización Mundial de la Salud (OMS) y el Manual Diagnó...

Descripción completa

Detalles Bibliográficos
Autor principal: Chiguayante Bustos, Elizabeth
Otros Autores: Lillo Alcántara, Javiera, Maldonado Lillo, Constanza, Tenorio Mina, María, Arévalo Riquelme, Marcela (profesor guía)
Formato: Tesis
Lenguaje:español
Publicado: Santiago, Chile : Universidad Academia de Humanismo Cristiano, 2022.
Materias:
Acceso en línea:Disponible en línea (PDF). Biblioteca Digital UAHC

MARC

LEADER 00000nmm a22000007a 4500
003 UAHC
005 20241031134923.0
008 240912s2022 cl |||| o||d| 00| 0 spa d
040 |a UAHC  |b UAHC  |c UAHC 
100 |a Chiguayante Bustos, Elizabeth  |9 20324 
245 |a Relatos de jóvenes con Cea y su vínculo con los docentes en enseñanza media  |c Elizabeth Chiguayante, Javiera Lillo, Constanza Maldonado, María Tenorio; Profesora guía Marcela Arévalo Riquelme. 
260 |a Santiago, Chile :  |b Universidad Academia de Humanismo Cristiano,   |c 2022. 
300 |a 201 páginas. 
500 |a Tesis para la optar al grado de Licenciado/a en Educación y al título de Profesor/a de Educación Diferencial 
502 |a Tesis (Pedagogía en Educación Diferencial) -- Universidad Academia del Humanismo Cristiano, 2022. 
516 |a Tesis electrónica (PDF) Solicitar envío de documento a Biblioteca@academia.cl. 
520 |a La atención a las definiciones de Autismo se ha modificado con el tiempo, se comenzó con descripciones adjudicadas a la relación con la esquizofrenia hasta el actualmente término “Trastorno del Espectro Autista”. Si bien, globalmente según la Organización Mundial de la Salud (OMS) y el Manual Diagnóstico y Estadístico de los Trastornos Mentales de la Asociación Psiquiátrica Americana (DSM) actual se le denomina Trastorno del Espectro Autista (TEA), en el presente trabajo se referirá como Condición del Espectro Autista (CEA) o persona autista, pues nuestro tema va dirigido a un paradigma social y con una visión neuro divergente, junto a ello, conlleva una tabla sobre la prevalencia de personas con autismo de forma mundial, por países y principalmente un estudio hecho en Chile. 
650 0 |a Neuroeducación  |9 19777 
650 0 |a Relaciones profesor-alumno  |9 12677 
700 |a Lillo Alcántara, Javiera  |9 20325 
700 |a Maldonado Lillo, Constanza  |9 20326 
700 |a Tenorio Mina, María  |9 20327 
700 |a Arévalo Riquelme, Marcela  |9 9809  |e profesor guía 
856 |u https://bibliotecadigital.academia.cl/handle/123456789/7293  |y Disponible en línea (PDF). Biblioteca Digital UAHC 
900 |a TPDIF 123 
942 |c TS 
952 |0 0  |1 0  |2 ddc  |4 0  |6 TPDIF_123_000000000000000  |7 0  |9 99995  |a BC  |b BC  |c Digital  |d 2024-09-12  |l 0  |o TPDIF 123  |r 2024-09-12 15:37:33  |w 2024-09-12  |y TS  |z Documento en PDF  |B PEDIF 
999 |c 62052  |d 62052